000 00339nam a2200145Ia 4500
003 OSt
005 20240106103728.0
008 170523s9999 xx 000 0 und d
020 _a9788126511167
040 _cIIMT UNIVERSITY
100 _aDuda- Richard O.
245 0 _aPattern Classification
260 _aWiley India
942 _2ddc
_c02
999 _c12258
_d12258